Statistics for Top Five Busiest Air Routes by City #1

Click here to take the quiz!

General Stats

  • This quiz has been taken 3,918 times
    (3,866 since last reset)
  • The average score is 24 of 40

Answer Stats

CityDestination% Correct
New York City (2), Mexico City (5)Los Angeles
95%
New York City (4), Los Angeles (3), Dubai (2), Johannesburg (3), Miami (2), Frankfurt (4)London
94%
Sydney (1)Melbourne
87%
New York City (3), Los Angeles (4)Chicago
85%
Frankfurt (2)Berlin
82%
London (3), Los Angeles (1), Miami (1)New York City
81%
Sydney (4)Perth
80%
Los Angeles (2)San Francisco
80%
New York City (1)Miami
79%
Los Angeles (5)Tokyo
79%
London (2)Amsterdam
78%
Miami (5)Atlanta
74%
London (1)Dublin
74%
Johannesburg (1)Cape Town
73%
Singapore (1)Jakarta
73%
Singapore (4)Hong Kong
70%
Singapore (3)Kuala Lumpur
69%
Singapore (2)Bangkok
68%
Sydney (2)Brisbane
68%
London (5), Johannesburg (5)Dubai
65%
Frankfurt (1)Istanbul
62%
Miami (4)Toronto
60%
Dubai (4)Mumbai
58%
Sydney (5)Adelaide
57%
Mexico City (1)Cancún
53%
Mexico City (3)Guadalajara
53%
Singapore (5)Manila
50%
Dubai (1)Doha
49%
New York City (5)Orlando
46%
Miami (3)São Paulo
45%
Johannesburg (2)Durban
39%
London (4)Edinburgh
39%
Frankfurt (3)Hamburg
36%
Mexico City (2)Monterrey
34%
Dubai (3)Tehran
33%
Mexico City (4)Tijuana
22%
Johannesburg (4)Port Elizabeth
21%
Sydney (3)Gold Coast
19%
Frankfurt (5)Oslo
19%
Dubai (5)Muscat
14%

Score Distribution

Percentile by Number Answered

Percent of People with Each Score

Your Score History

You have not taken this quiz since the last reset